000 00456nam a2200181Ia 4500
001 15897
005 20260306170229.0
008 260306t2021||||xx |||||||||||||| ||und||
041 _aESP
082 _a620.1123
_bV66E
100 _aVillarreal Castro, Genner,
_eAUT
245 0 _aExámenes resueltos de mecánica de materiales II
260 _c2021
300 _a90 páginas :
_c29 cm.
650 _aGEN
654 _aCII
942 _cLIB
_dJUS
_fJUS
_2ddc
_n
999 _c15897
_d15897